[Event "RHP Coorespondance"]
[Date "2007.11.21"]
[EndDate "2007.11.28"]
[Round "?"]
[White "Nelio Rodrigues"]
[Black "tomasino"]
[WhiteRating "1390"]
[BlackRating "1785"]
[WhiteElo "1390"]
[BlackElo "1785"]
[Result "1-0"]
[GameId "4292537"]

1. e4 c5 2. a3 Nb8c6 3. Bf1b5 Ng8f6 4. Bb5xc6 bxc6 5. Nb1c3 e5 6. Ng1f3 d6 7. h3 Bc8a6 8. d3 Qd8e7 9. Bc1g5 g6 10. Bg5h4 h5 11. Bh4g3 d5 12. Bg3xe5 dxe4 13. Be5xf6 Qe7xf6 14. Nc3xe4 Qf6e7 15. O-O O-O-O 16. Rf1e1 c4 17. d4 Bf8g7 18. Ne4c5 Qe7xc5 19. dxc5 Rd8xd1 20. Ra1xd1 Bg7xb2 21. Re1e5 Bb2xe5 22. Nf3xe5 f5 23. Ne5xg6 Rh8g8 24. Ng6e7 Kc8c7 25. Ne7xg8 c3 26. Ng8e7 f4 27. Rd1d4 Ba6e2 28. Rd4xf4 Kc7d7 29. Rf4f7 Be2c4 30. Rf7h7 Kd7e6 31. Ne7xc6 Bc4e2 32. Rh7e7 Ke6d5 33. Re7xe2 Kd5xc6 34. Re2e5 a5 35. f4 Kc6b5 36. f5 h4 37. f6 Kb5a4 38. f7 Ka4xa3 39. f8=Q Ka3b2 40. Qf8f3 Kb2xc2 41. Re5e2 Kc2b3 42. Qf3d5 Kb3b4 43. Qd5d4 Kb4b3 44. Re2e3 a4 45. Qd4xc3 Kb3a2 46. Qc3c2 Ka2a1 47. Re3e1 1-0

[Event "RHP Coorespondance"]
[Date "2007.11.20"]
[EndDate "2007.11.28"]
[Round "?"]
[White "Bandecko"]
[Black "tomasino"]
[WhiteRating "1129"]
[BlackRating "1785"]
[WhiteElo "1129"]
[BlackElo "1785"]
[Result "1-0"]
[GameId "4290195"]

1. e4 d5 2. f3 dxe4 3. fxe4 e5 4. Ng1f3 Nb8c6 5. b3 Ng8f6 6. Bc1b2 Bf8c5 7. Bf1c4 Nf6xe4 8. Qd1e2 Bc8f5 9. Nf3xe5 Nc6xe5 10. Bb2xe5 O-O 11. Rh1f1 Qd8h4 12. g3 Qh4h3 13. Qe2d3 Qh3xh2 14. Be5d4 Ra8e8 15. Ke1d1 Ne4xg3 16. Rf1xf5 Ng3xf5 17. Qd3xf5 Bc5xd4 18. c3 g6 19. Qf5d3 Bd4f2 20. a4 c5 21. Nb1a3 a6 22. Kd1c2 Bf2e1 23. Ra1d1 Re8d8 24. Bc4d5 Qh2e5 25. c4 Be1h4 26. Qd3f3 h5 27. Rd1f1 Rd8d7 28. Bd5xb7 f5 29. Bb7xa6 Bh4f6 30. Rf1b1 Rf8d8 31. Qf3g2 g5 32. Na3b5 f4 33. Nb5c3 g4 34. Nc3e4 f3 35. Ne4xf6 Qe5xf6 36. Qg2f2 Qf6xa6 37. Qf2xc5 Rd7xd2 38. Kc2c3 Qa6f6 39. Kc3b4 f2 40. Qc5xh5 Rd8b8 41. Kb4a3 f1=Q 42. Rb1xf1 Qf6xf1 43. Qh5xg4 Kg8f7 44. Qg4h5 Kf7e6 45. Qh5h6 Ke6e7 46. Qh6xd2 Qf1a1 47. Qd2a2 Qa1c1 48. Qa2b2 Qc1e3 49. Qb2g7 Ke7d6 50. Qg7f6 Kd6c5 51. Qf6f5 Kc5d4 52. Qf5f6 Kd4c5 53. Qf6f5 Kc5c6 54. Qf5d5 Kc6c7 55. Qd5f7 Kc7b6 56. Qf7d7 Kb6a5 57. Qd7c7 Rb8b6 58. Qc7a7 Rb6a6 59. Qa7xe3 Ra6b6 60. Qe3c5 Ka5a6 61. b4 Rb6h6 62. b5 Ka6b7 63. a5 Rh6h3 64. Ka3b4 Rh3h6 65. a6 Kb7b8 66. b6 Rh6h7 67. a7 Rh7xa7 68. bxa7 Kb8b7 6
9. Qc5a5 1-0

[Event "RHP Coorespondance"]
[Date "2007.11.13"]
[EndDate "2007.11.26"]
[Round "?"]
[White "ganilon"]
[Black "tomasino"]
[WhiteRating "1607"]
[BlackRating "1785"]
[WhiteElo "1607"]
[BlackElo "1785"]
[Result "1-0"]
[GameId "4259223"]

1. e4 c5 2. Bf1b5 e5 3. Ng1f3 a6 4. Bb5a4 b5 5. Ba4b3 c4 6. Bb3xc4 bxc4 7. Nf3xe5 Ng8f6 8. Ne5xc4 Nf6xe4 9. Qd1e2 d5 10. d3 dxc4 11. Qe2xe4 Bf8e7 12. Qe4xa8 Be7b4 13. c3 Qd8xd3 14. Qa8xb8 O-O 15. cxb4 Bc8g4 16. Qb8xf8 Kg8xf8 17. f3 Bg4f5 18. Bc1d2 h5 19. Nb1c3 h4 20. h3 Qd3c2 21. Ra1d1 Qc2xb2 22. O-O Qb2xb4 23. Rf1e1 Qb4c5 24. Kg1h1 Qc5d4 25. Nc3e4 f6 26. Bd2b4 Kf8f7 27. Rd1xd4 g5 28. Ne4d6 Kf7g6 29. Nd6xc4 Bf5c2 30. Re1e6 Kg6f5 31. Rd4d6 Kf5f4 32. Re6xf6 Kf4g3 33. Bb4e1 1-0

[Event "RHP Coorespondance"]
[Date "2007.11.12"]
[EndDate "2007.11.21"]
[Round "?"]
[White "tomasino"]
[Black "Nelio Rodrigues"]
[WhiteRating "1785"]
[BlackRating "1390"]
[WhiteElo "1785"]
[BlackElo "1390"]
[Result "0-1"]
[GameId "4256048"]

1. d4 h6 2. e4 d6 3. Ng1f3 Bc8g4 4. Bf1e2 Bg4h5 5. Nb1c3 g5 6. d5 a6 7. b3 Ng8f6 8. Bc1b2 Nf6d7 9. h3 Bf8g7 10. e5 dxe5 11. Nc3e4 Bh5g6 12. Be2d3 f5 13. Ne4d2 e4 14. Bb2xg7 Rh8h7 15. Bg7e5 exd3 16. cxd3 Bg6f7 17. Ra1c1 Nd7xe5 18. Nf3xe5 Qd8xd5 19. Ne5xf7 Qd5xg2 20. Ke1e2 Ke8xf7 21. Nd2f3 g4 22. hxg4 fxg4 23. Nf3h4 Qg2d5 24. Rc1xc7 Qd5e5 25. Ke2d2 Qe5xc7 26. Qd1xg4 e6 27. Rh1g1 Kf7e7 28. Qg4g8 Ke7d6 29. f4 Nb8c6 30. Qg8xa8 Qc7a5 31. Kd2d1 Qa5h5 32. Kd1d2 Qh5xh4 33. Rg1e1 Qh4xf4 34. Re1e3 Qf4b4 35. Kd2d1 Rh7f7 36. Qa8g8 Rf7f1 37. Kd1c2 Nc6d4 38. Kc2b2 Qb4d2 0-1

[Event "RHP Coorespondance"]
[Date "2007.11.09"]
[EndDate "2007.11.12"]
[Round "?"]
[White "Bandecko"]
[Black "tomasino"]
[WhiteRating "1129"]
[BlackRating "1785"]
[WhiteElo "1129"]
[BlackElo "1785"]
[Result "1-0"]
[GameId "4243439"]

1. f4 d5 2. d4 Ng8f6 3. f5 Bc8xf5 4. Nb1c3 e6 5. Bc1f4 Bf8b4 6. Qd1d2 Nf6e4 7. Qd2e3 Ne4xc3 8. bxc3 Bb4a5 9. Ng1f3 Bf5xc2 10. Qe3e5 Ba5xc3 11. Bf4d2 Bc3xa1 12. Qe5xg7 Rh8f8 13. Bd2b4 Nb8d7 14. Bb4xf8 Nd7xf8 15. Nf3g5 Ba1xd4 16. Qg7xf7 1-0

[Event "RHP Coorespondance"]
[Date "2007.11.01"]
[EndDate "2007.11.06"]
[Round "?"]
[White "tomasino"]
[Black "Bandecko"]
[WhiteRating "1785"]
[BlackRating "1129"]
[WhiteElo "1785"]
[BlackElo "1129"]
[Result "0-1"]
[GameId "4213749"]

1. f4 d6 2. d4 Bc8f5 3. e3 Ng8f6 4. Bf1d3 e6 5. c3 d5 6. Ng1f3 Nf6g4 7. O-O Nb8d7 8. b4 Qd8e7 9. Bc1a3 Ng4xe3 10. Qd1e2 Ne3xf1 11. Kg1xf1 Bf5g4 12. b5 Qe7f6 13. Qe2e3 Bf8d6 14. Ba3xd6 cxd6 15. Nb1a3 Ra8c8 16. Ra1c1 Nd7b6 17. c4 O-O 18. Nf3g5 g6 19. h3 h6 20. hxg4 hxg5 21. f5 exf5 22. gxf5 gxf5 23. Qe3f3 Qf6xd4 24. Bd3xf5 Rc8xc4 25. Na3xc4 Nb6xc4 26. Qf3g3 Nc4e3 27. Kf1g1 Ne3xf5 28. Qg3f2 g4 29. Qf2xd4 Nf5xd4 30. Kg1f2 f5 31. b6 axb6 32. Rc1d1 Nd4c2 33. Rd1xd5 f4 34. Rd5g5 Kg8h7 35. Rg5xg4 d5 36. Rg4h4 Kh7g6 37. Rh4g4 Kg6h5 38. Rg4g7 d4 39. Rg7d7 b5 40. Kf2f3 d3 41. Rd7d5 Kh5g6 42. g3 Nc2e1 43. Kf3f2 Rf8f5 44. Rd5d4 fxg3 45. Kf2xg3 Rf5f3 46. Kg3g4 Rf3f1 47. Rd4d6 Rf1f6 48. Rd6d5 Ne1f3 49. Rd5xd3 Nf3e5 50. Kg4g3 Ne5xd3 0-1

[Event "RHP Coorespondance"]
[Date "2007.10.16"]
[EndDate "2007.10.28"]
[Round "?"]
[White "tomasino"]
[Black "ganilon"]
[WhiteRating "1785"]
[BlackRating "1607"]
[WhiteElo "1785"]
[BlackElo "1607"]
[Result "0-1"]
[GameId "4152302"]

1. e4 c5 2. Ng1f3 d6 3. d4 cxd4 4. Nf3xd4 Ng8f6 5. Nb1c3 a6 6. g4 Bc8xg4 7. f3 Bg4h5 8. Bc1g5 Nb8d7 9. Bg5xf6 Nd7xf6 10. a4 Qd8a5 11. Bf1c4 Ra8c8 12. Qd1d3 Nf6d7 13. O-O-O Nd7c5 14. Qd3e3 e5 15. Nd4f5 Nc5xa4 16. Nc3xa4 Qa5xa4 17. b3 Qa4a3 18. Kc1d2 Qa3b2 19. Rh1g1 g6 20. Nf5g3 b5 21. Bc4d5 Rc8xc2 22. Kd2e1 Rc2xh2 23. Rd1d2 Qb2c1 0-1

[Event "RHP Coorespondance"]
[Date "2007.10.12"]
[EndDate "2008.01.21"]
[Round "?"]
[White "Blookenstulp"]
[Black "tomasino"]
[WhiteRating "1560"]
[BlackRating "1785"]
[WhiteElo "1560"]
[BlackElo "1785"]
[Result "1-0"]
[GameId "4138717"]

1. d4 d5 2. c4 e6 3. Nb1c3 c6 4. e4 dxe4 5. Nc3xe4 Bf8b4 6. Bc1d2 Qd8xd4 7. Bd2xb4 Qd4xe4 8. Qd1e2 Qe4xe2 9. Bf1xe2 Nb8d7 10. Ng1f3 c5 11. Bb4d2 b6 12. Bd2f4 Ng8f6 13. O-O Bc8b7 14. Ra1d1 O-O-O 15. Rd1d3 h6 16. Rf1d1 Bb7e4 17. Rd3d2 Rh8e8 18. a3 Nf6h5 19. Bf4d6 g5 20. Nf3xg5 Be4g6 21. Ng5h3 Re8g8 22. Bd6e7 Nh5f6 23. Be7xd8 Kc8xd8 24. Nh3f4 Kd8e8 25. Nf4xg6 Rg8xg6 26. b4 Nd7e5 27. f4 Ne5g4 28. h3 Ng4e3 29. Be2f3 Ne3xd1 30. Rd2xd1 h5 31. bxc5 bxc5 32. Rd1b1 Ke8f8 33. Rb1b5 Nf6d7 34. Bf3xh5 Rg6g3 35. Rb5b7 Kf8e7 36. Rb7xa7 f5 37. a4 e5 38. fxe5 Ke7e6 39. Ra7a6 Ke6xe5 40. Bh5f7 Rg3c3 41. Ra6e6 Ke5d4 42. Re6d6 Kd4e3 43. Rd6xd7 Rc3c1 44. Kg1h2 Ke3f2 45. Rd7d2 Kf2f1 46. Rd2d5 Rc1xc4 47. Rd5xf5 1-0

[Event "September 2007 Threesomes IV"]
[Date "2007.09.24"]
[EndDate "2007.10.09"]
[Round "1"]
[White "Westside Mobster"]
[Black "tomasino"]
[WhiteRating "669"]
[BlackRating "1785"]
[WhiteElo "669"]
[BlackElo "1785"]
[Result "1-0"]
[GameId "4066119"]

1. e4 e5 2. Ng1f3 Nb8c6 3. Nb1c3 b6 4. Bf1c4 Ng8f6 5. d3 Bf8b4 6. Bc1d2 Nc6d4 7. Nf3xd4 exd4 8. Nc3e2 Bb4c5 9. O-O O-O 10. Bd2g5 d6 11. h3 Bc8b7 12. Ne2f4 Qd8e7 13. Qd1f3 Qe7e5 14. Bg5xf6 Qe5xf6 15. Nf4d5 Bb7xd5 16. Bc4xd5 Ra8b8 17. Qf3xf6 gxf6 18. f4 b5 19. f5 b4 20. b3 a5 21. Rf1f3 Kg8h8 22. Rf3g3 a4 23. Ra1f1 axb3 24. axb3 h5 25. h4 Rb8b6 26. Rg3h3 c6 27. Bd5c4 d5 28. exd5 Bc5d6 29. dxc6 Rb6xc6 30. Rf1a1 Rc6c8 31. Ra1a7 Rc8c7 32. Ra7xc7 Bd6xc7 33. Bc4d5 Bc7f4 34. Bd5f3 Bf4e3 35. Kg1f1 Rf8e8 36. Bf3xh5 Be3d2 37. Bh5xf7 Re8e1 38. Kf1f2 Re1c1 39. h5 Rc1xc2 40. Kf2f3 Kh8h7 41. Kf3e4 Bd2c3 42. g4 Kh7h6 43. Bf7c4 Kh6g5 44. Ke4f3 Rc2c1 45. h6 Rc1g1 46. h7 1-0

[Event "September 2007 Threesomes IV"]
[Date "2007.09.24"]
[EndDate "2007.10.13"]
[Round "1"]
[White "tomasino"]
[Black "hetman55"]
[WhiteRating "1785"]
[BlackRating "1110"]
[WhiteElo "1785"]
[BlackElo "1110"]
[Result "0-1"]
[GameId "4066118"]

1. e4 e5 2. Ng1f3 d6 3. d4 exd4 4. Nf3xd4 c5 5. Nd4f3 a6 6. Nb1c3 Nb8c6 7. Nc3d5 Ng8f6 8. Bc1f4 Bc8e6 9. Bf1c4 b5 10. e5 dxe5 11. Nf3xe5 Nc6xe5 12. Bf4xe5 Nf6xd5 13. Bc4e2 f6 14. Be5g3 Bf8d6 15. Qd1d3 Qd8d7 16. O-O-O c4 17. Qd3d4 O-O 18. b3 Ra8c8 19. bxc4 bxc4 20. Be2xc4 Bd6a3 21. Kc1d2 Rc8xc4 22. Qd4d3 Qd7a4 23. f4 Rc4xc2 24. Qd3xc2 Ba3b4 25. Kd2d3 Be6f5 26. Kd3d4 Bf5xc2 27. Rd1f1 Rf8d8 28. Rf1c1 Bb4a3 0-1

[Event "September 2007 Threesomes IV"]
[Date "2007.09.24"]
[EndDate "2007.10.08"]
[Round "1"]
[White "tomasino"]
[Black "Westside Mobster"]
[WhiteRating "1785"]
[BlackRating "669"]
[WhiteElo "1785"]
[BlackElo "669"]
[Result "0-1"]
[GameId "4066117"]

1. e4 e5 2. Ng1f3 Nb8c6 3. Bf1c4 Ng8f6 4. d3 Bf8c5 5. O-O O-O 6. Nf3g5 h6 7. Qd1f3 hxg5 8. Bc1xg5 Bc5e7 9. Nb1c3 Nf6h7 10. Bg5e3 Be7g5 11. d4 exd4 12. Be3xd4 Nc6xd4 13. Qf3d1 Nd4c6 14. Rf1e1 d6 15. Bc4d3 Bc8e6 16. Nc3d5 Be6xd5 17. exd5 Nc6e5 18. Bd3e4 Nh7f6 19. Be4d3 Ne5xd3 20. Qd1xd3 Rf8e8 21. g3 Re8xe1 22. Ra1xe1 Qd8d7 23. f4 Bg5h6 24. Kg1g2 Qd7g4 25. c4 Bh6xf4 26. b4 a6 27. Re1f1 Bf4e5 28. c5 Qg4e4 29. Rf1f3 Qe4xd3 30. Rf3xd3 Ra8e8 31. cxd6 cxd6 32. a4 Re8c8 33. Rd3d2 Rc8c4 34. b5 axb5 35. axb5 b6 36. Rd2a2 Rc4c5 37. Ra2a8 Kg8h7 38. h4 Rc5xb5 39. g4 Nf6xg4 0-1

[Event "RHP Coorespondance"]
[Date "2007.09.15"]
[EndDate "2007.09.22"]
[Round "?"]
[White "Bandecko"]
[Black "tomasino"]
[WhiteRating "1129"]
[BlackRating "1785"]
[WhiteElo "1129"]
[BlackElo "1785"]
[Result "1-0"]
[GameId "4036490"]

1. e4 e5 2. Ng1f3 Nb8c6 3. c3 f5 4. d4 exd4 5. Nf3xd4 fxe4 6. Bf1b5 Ng8e7 7. Bb5c4 d5 8. Bc4b3 g6 9. O-O Bf8g7 10. Nd4e6 Bc8xe6 11. Nb1d2 Qd8d6 12. Bb3a4 Bg7e5 13. Qd1b3 Be5xh2 14. Kg1h1 Bh2f4 15. Qb3xb7 O-O 16. Nd2b3 d4 17. Nb3xd4 Nc6xd4 18. Qb7xe4 c5 19. Bc1xf4 Rf8xf4 20. Qe4xa8 Be6c8 21. g3 Rf4f3 22. cxd4 Qd6xd4 23. Qa8xf3 Qd4xa4 24. Ra1e1 Qa4d7 25. Re1d1 Qd7h3 26. Kh1g1 Kg8g7 27. Qf3f4 Bc8d7 28. Rf1e1 Ne7c8 29. Qf4c7 Kg7h6 30. Rd1xd7 Nc8b6 31. Rd7xh7 1-0

[Event "RHP Coorespondance"]
[Date "2007.09.15"]
[EndDate "2007.09.26"]
[Round "?"]
[White "tomasino"]
[Black "SageCyan"]
[WhiteRating "1785"]
[BlackRating "1522"]
[WhiteElo "1785"]
[BlackElo "1522"]
[Result "0-1"]
[GameId "4035902"]

1. e4 c5 2. c4 Ng8f6 3. d3 e5 4. Ng1e2 Nb8c6 5. Bc1e3 Bf8d6 6. Nb1c3 Qd8a5 7. g3 O-O 8. Bf1g2 Nf6g4 9. a3 Nc6d4 10. f3 Ng4xe3 11. Qd1d2 Ne3xg2 12. Ke1f2 Nd4b3 13. Qd2d1 Nb3xa1 14. Kf2xg2 f5 15. Qd1xa1 Qa5d8 16. exf5 Qd8g5 17. Nc3e4 Qg5xf5 18. Rh1f1 b6 19. Ne4xd6 Qf5xd3 20. Nd6xc8 Ra8xc8 21. Ne2c1 Qd3c2 22. Rf1f2 Qc2d1 23. b3 e4 24. fxe4 Rf8xf2 25. Kg2xf2 0-1

[Event "RHP Coorespondance"]
[Date "2007.09.15"]
[EndDate "2007.09.25"]
[Round "?"]
[White "Fellgray"]
[Black "tomasino"]
[WhiteRating "1492"]
[BlackRating "1785"]
[WhiteElo "1492"]
[BlackElo "1785"]
[Result "1-0"]
[GameId "4035865"]

1. Ng1f3 c6 2. e4 d5 3. c4 dxe4 4. Nf3g5 Ng8f6 5. Nb1c3 g6 6. Nc3xe4 Bf8g7 7. c5 O-O 8. Bf1c4 Nf6xe4 9. Ng5xe4 b5 10. Bc4b3 e5 11. d3 Nb8d7 12. Bc1g5 Qd8a5 13. Qd1d2 b4 14. O-O Nd7xc5 15. Ne4f6 Bg7xf6 16. Bg5xf6 Nc5e4 17. dxe4 Qa5d8 18. Bf6xd8 Rf8xd8 19. Qd2xd8 Kg8g7 20. Ra1d1 Bc8b7 21. Qd8c7 Bb7a6 22. Qc7xf7 Kg7h6 23. Rd1d7 Ba6xf1 24. Kg1xf1 a5 25. Qf7xh7 1-0

[Event "Clan RHP Coorespondance"]
[Date "2007.09.08"]
[EndDate "2007.09.25"]
[Round "?"]
[White "Jeff83882"]
[Black "tomasino"]
[WhiteRating "1170"]
[BlackRating "1785"]
[WhiteElo "1170"]
[BlackElo "1785"]
[Result "1-0"]
[GameId "4012072"]

1. e4 e5 2. Ng1f3 Nb8c6 3. d4 exd4 4. Bf1c4 Bf8c5 5. c3 b6 6. O-O Bc8b7 7. Nf3g5 Nc6e5 8. Bc1f4 Ne5xc4 9. Qd1b3 d5 10. Qb3b5 c6 11. Qb5b3 d3 12. Nb1d2 Bb7a6 13. Nd2xc4 Ba6xc4 14. Qb3d1 d2 15. Qd1xd2 d4 16. Rf1e1 Ng8f6 17. e5 Nf6d5 18. e6 f6 19. Ng5f7 Qd8e7 20. Nf7xh8 Nd5xf4 21. Qd2xf4 Qe7xe6 22. Re1xe6 Bc4xe6 23. Ra1e1 Ke8d7 24. Nh8f7 Be6xf7 25. Qf4f5 Kd7c7 26. Qf5xh7 Ra8g8 27. cxd4 Bc5d6 28. Qh7c2 Rg8h8 29. h3 g5 30. Qc2f5 Rh8h6 31. a3 a5 32. Re1c1 Rh6g6 33. d5 c5 34. Rc1c4 b5 35. Rc4c2 g4 36. hxg4 Bf7xd5 37. Qf5xd5 Rg6h6 38. Qd5f7 Kc7c6 39. Qf7a7 Rh6h4 40. Qa7a6 1-0

[Event "Clan RHP Coorespondance"]
[Date "2007.09.07"]
[EndDate "2007.09.21"]
[Round "?"]
[White "Zorrothekid"]
[Black "tomasino"]
[WhiteRating "1421"]
[BlackRating "1785"]
[WhiteElo "1421"]
[BlackElo "1785"]
[Result "1-0"]
[GameId "4007936"]

1. e4 e5 2. Ng1f3 Nb8c6 3. Bf1b5 g6 4. Bb5xc6 dxc6 5. O-O Ng8f6 6. d3 b6 7. Nb1c3 Bf8c5 8. Qd1e2 Bc8g4 9. h3 Bg4xf3 10. Qe2xf3 O-O 11. Bc1g5 Bc5e7 12. Ra1d1 h6 13. Bg5h4 g5 14. Bh4g3 h5 15. Bg3xe5 g4 16. Qf3g3 Be7d6 17. Be5xd6 cxd6 18. f3 d5 19. fxg4 hxg4 20. Qg3h4 gxh3 21. Rf1xf6 Qd8xf6 22. Qh4xf6 a5 23. Rd1f1 b5 24. Rf1f4 a4 25. Rf4g4 1-0

[Event "Clan RHP Coorespondance"]
[Date "2007.08.31"]
[EndDate "2007.09.18"]
[Round "?"]
[White "tomasino"]
[Black "kb5"]
[WhiteRating "1785"]
[BlackRating "1346"]
[WhiteElo "1785"]
[BlackElo "1346"]
[Result "0-1"]
[GameId "3981107"]

1. e4 e5 2. Ng1f3 Nb8c6 3. Bf1c4 Ng8f6 4. d3 Bf8c5 5. Nf3g5 O-O 6. Qd1f3 Qd8e7 7. Ng5xh7 Nf6xh7 8. Qf3g3 Qe7f6 9. O-O Nc6d4 10. Nb1c3 Nd4xc2 11. Ra1b1 c6 12. a4 a6 13. b3 b5 14. Rb1b2 Nc2d4 15. Bc4xb5 axb5 16. Rb2a2 b4 17. Bc1e3 Nd4xb3 18. Be3xc5 bxc3 19. Bc5e3 d6 20. f4 Qf6g6 21. fxe5 Qg6xg3 22. hxg3 dxe5 23. Ra2a3 Ra8b8 24. Ra3a2 Bc8a6 25. Rf1f3 Nb3d4 26. Be3xd4 exd4 27. g4 Rb8b2 28. Rf3f2 Rb2xf2 29. Ra2xf2 Ba6xd3 30. Rf2a2 c2 31. Ra2a1 Bd3xe4 32. a5 c5 33. a6 Rf8b8 34. a7 Rb8b1 35. Ra1xb1 cxb1=Q 36. Kg1f2 Qb1a2 0-1

[Event "Clan RHP Coorespondance"]
[Date "2007.08.31"]
[EndDate "2007.09.16"]
[Round "?"]
[White "kb5"]
[Black "tomasino"]
[WhiteRating "1346"]
[BlackRating "1785"]
[WhiteElo "1346"]
[BlackElo "1785"]
[Result "1-0"]
[GameId "3981106"]

1. e4 e5 2. Ng1f3 Nb8c6 3. Bf1c4 Bf8c5 4. a3 Nc6a5 5. Bc4e2 d5 6. Nb1c3 d4 7. Nc3b1 Qd8d6 8. b4 Bc5xb4 9. axb4 Qd6xb4 10. Bc1a3 Qb4a4 11. Nf3xe5 Ng8f6 12. c3 Qa4xd1 13. Be2xd1 b5 14. Ba3b4 Na5c4 15. Ne5xc4 bxc4 16. Nb1a3 Nf6xe4 17. Bd1a4 Bc8d7 18. Na3xc4 O-O-O 19. cxd4 Rh8e8 20. O-O Bd7xa4 21. Ra1xa4 Rd8xd4 22. Rf1c1 g5 23. g3 f5 24. f3 Ne4f6 25. Ra4xa7 h5 26. Nc4b6 Kc8b8 27. Rc1xc7 Rd4d7 28. Nb6xd7 Nf6xd7 29. Bb4d6 Re8e1 30. Kg1f2 Re1b1 31. Rc7b7 1-0

[Event "Clan RHP Coorespondance"]
[Date "2007.08.30"]
[EndDate "2007.09.22"]
[Round "?"]
[White "tomasino"]
[Black "gladigau"]
[WhiteRating "1785"]
[BlackRating "1231"]
[WhiteElo "1785"]
[BlackElo "1231"]
[Result "0-1"]
[GameId "3974404"]

1. e4 e6 2. d4 d5 3. e5 Ng8e7 4. c4 c6 5. c5 g6 6. Bc1g5 Bf8g7 7. Qd1g4 Qd8a5 8. Nb1d2 Ne7f5 9. a3 h5 10. Qg4f4 Bg7h6 11. b4 Qa5c7 12. g4 Bh6xg5 13. Qf4xg5 Qc7e7 14. f4 Qe7xg5 15. fxg5 Nf5e3 16. Bf1e2 Ne3c2 17. Ke1d1 Nc2xa1 18. gxh5 gxh5 19. h4 b6 20. Ng1f3 a5 21. Nd2b1 Na1b3 22. Kd1c2 Nb3xd4 23. Nf3xd4 Bc8b7 24. g6 fxg6 25. Nd4xe6 Ra8a7 26. b5 Ke8e7 27. Ne6d4 bxc5 28. b6 Ra7a8 29. Nd4f3 Nb8d7 30. Rh1g1 Rh8g8 31. Nb1c3 Nd7xb6 32. Nf3g5 Ra8e8 33. Nc3xd5 Nb6xd5 34. Ng5e4 Bb7c8 35. Ne4xc5 Bc8f5 36. Kc2b3 Ke7f7 37. e6 Bf5xe6 38. Nc5xe6 Re8xe6 39. Be2c4 Kf7g7 40. Bc4d3 Rg8b8 41. Kb3c4 Nd5f4 42. Bd3f5 Re6f6 0-1

[Event "Clan RHP Coorespondance"]
[Date "2007.08.30"]
[EndDate "2007.09.22"]
[Round "?"]
[White "gladigau"]
[Black "tomasino"]
[WhiteRating "1231"]
[BlackRating "1785"]
[WhiteElo "1231"]
[BlackElo "1785"]
[Result "1-0"]
[GameId "3974403"]

1. d4 Ng8f6 2. c4 e6 3. Nb1c3 g6 4. Bc1g5 Bf8g7 5. e3 Nb8c6 6. e4 d5 7. e5 O-O 8. exf6 Bg7xf6 9. Bg5xf6 Qd8xf6 10. Ng1f3 a6 11. Bf1d3 Nc6xd4 12. Bd3e2 c5 13. O-O b5 14. a3 bxc4 15. Nc3a4 Nd4b3 16. Ra1b1 Ra8b8 17. Qd1c2 e5 18. Rb1d1 e4 19. Nf3d2 Nb3d4 20. Nd2xe4 dxe4 21. Qc2xe4 Rb8xb2 22. Na4xb2 Nd4xe2 23. Qe4xe2 Bc8b7 24. Nb2xc4 h5 25. Rd1d6 Qf6g5 26. g3 h4 27. Qe2e5 Qg5g4 28. Qe5f4 Qg4h3 29. Nc4e3 hxg3 30. Qf4xg3 Qh3h6 31. Ne3g4 Qh6h8 32. Qg3b3 Bb7e4 33. Ng4f6 Kg8g7 34. Nf6xe4 f5 35. Qb3c3 Kg7g8 36. Qc3xh8 Kg8xh8 37. Ne4g5 f4 38. Rd6xg6 f3 39. Rf1e1 c4 40. Re1e4 c3 41. Re4h4 1-0

[Event "RHP Coorespondance"]
[Date "2007.08.15"]
[EndDate "2007.10.12"]
[Round "?"]
[White "Blookenstulp"]
[Black "tomasino"]
[WhiteRating "1560"]
[BlackRating "1785"]
[WhiteElo "1560"]
[BlackElo "1785"]
[Result "1-0"]
[GameId "3923411"]

1. Ng1f3 d5 2. g3 Ng8f6 3. Bf1g2 e6 4. O-O g6 5. b3 c5 6. Bc1b2 Bf8g7 7. d4 c4 8. bxc4 dxc4 9. Nb1a3 Qd8c7 10. Nf3e5 O-O 11. Ne5xc4 b6 12. Bg2xa8 Bc8b7 13. Ba8xb7 Qc7xb7 14. Nc4d6 Qb7d5 15. Nd6b5 Nb8c6 16. c4 Qd5e4 17. Nb5d6 Qe4g4 18. e3 Qg4h3 19. Qd1f3 Nf6g4 20. Qf3g2 Qh3xg2 21. Kg1xg2 e5 22. d5 Nc6b4 23. h3 Nb4d3 24. hxg4 Nd3xb2 25. Ra1b1 Nb2a4 26. f4 f5 27. gxf5 Na4c3 28. Rb1b2 gxf5 29. Rb2c2 exf4 30. exf4 Nc3e4 31. Nd6xf5 Rf8xf5 32. g4 Rf5f8 33. Na3b5 a6 34. Nb5c7 Ne4c5 35. Nc7e6 Nc5xe6 36. dxe6 Bg7f6 37. g5 Bf6e7 38. Rc2b2 Be7c5 39. f5 Bc5e3 40. f6 Be3xg5 41. f7 Kg8g7 42. Rb2xb6 Bg5f6 43. Rb6xa6 h5 44. Ra6a7 Kg7g6 45. e7 Bf6xe7 46. Ra7xe7 h4 47. Re7e8 Rf8xf7 48. Rf1xf7 Kg6xf7 49. Re8e1 1-0

[Event "Clan RHP Coorespondance"]
[Date "2007.08.13"]
[EndDate "2007.08.19"]
[Round "?"]
[White "tomasino"]
[Black "Rhymester"]
[WhiteRating "1785"]
[BlackRating "1414"]
[WhiteElo "1785"]
[BlackElo "1414"]
[Result "0-1"]
[GameId "3915178"]

1. e4 b6 2. d4 Bc8b7 3. Nb1c3 e6 4. Bf1c4 Bb7xe4 5. Nc3xe4 d5 6. Bc4b3 dxe4 7. Bc1e3 Nb8c6 8. Ng1e2 Ng8f6 9. c4 Bf8b4 10. Ne2c3 Bb4xc3 11. bxc3 O-O 12. d5 Nc6e5 13. O-O Nf6g4 14. Be3d4 Qd8h4 15. h3 Ne5f3 16. Kg1h1 Nf3xd4 17. Qd1xd4 e5 18. Qd4d2 Ng4f6 19. Ra1e1 Ra8d8 20. c5 bxc5 21. d6 Rd8xd6 22. Qd2e3 Rd6d3 23. Qe3xc5 Rd3xh3 24. gxh3 Qh4xh3 25. Kh1g1 Nf6g4 26. Re1e3 Qh3h2 0-1

[Event "Clan RHP Coorespondance"]
[Date "2007.08.13"]
[EndDate "2007.08.20"]
[Round "?"]
[White "Rhymester"]
[Black "tomasino"]
[WhiteRating "1414"]
[BlackRating "1785"]
[WhiteElo "1414"]
[BlackElo "1785"]
[Result "1-0"]
[GameId "3915177"]

1. e4 e5 2. Nb1c3 c6 3. Bf1c4 Ng8f6 4. Ng1f3 d5 5. exd5 cxd5 6. Bc4b3 Nb8c6 7. O-O d4 8. Nc3b5 Bf8c5 9. d3 O-O 10. Bc1g5 a6 11. Nb5a3 b5 12. Rf1e1 Rf8e8 13. c4 dxc3 14. Ra1c1 b4 15. Na3c4 Nf6g4 16. Bg5xd8 Nc6xd8 17. bxc3 Bc5xf2 18. Kg1f1 Bf2xe1 19. Qd1xe1 Bc8e6 20. Nc4xe5 Ng4xe5 21. Bb3xe6 Re8xe6 22. Nf3xe5 f6 23. Qe1e4 Re6xe5 24. Qe4xa8 Re5f5 25. Kf1g1 h6 26. Qa8xd8 Kg8h7 27. cxb4 h5 28. Rc1c7 h4 29. Qd8d7 1-0

[Event "RHP Coorespondance"]
[Date "2007.08.12"]
[EndDate "2007.08.17"]
[Round "?"]
[White "tomasino"]
[Black "ChadDavis"]
[WhiteRating "1785"]
[BlackRating "1676"]
[WhiteElo "1785"]
[BlackElo "1676"]
[Result "0-1"]
[GameId "3909257"]

1. e4 c5 2. Ng1f3 Nb8c6 3. d4 cxd4 4. Nf3xd4 Ng8f6 5. Nb1c3 e5 6. Nd4b5 a6 7. Nb5d6 Bf8xd6 8. Qd1xd6 Qd8b6 9. Nc3d5 Nf6xd5 10. Qd6xd5 O-O 11. Bf1e2 Nc6d4 12. Be2d3 d6 13. O-O Bc8e6 14. c3 Be6xd5 15. exd5 e4 16. Bd3xe4 Nd4e2 17. Kg1h1 Qb6b5 18. Bc1e3 Rf8e8 19. f3 f5 20. Be4xf5 Re8xe3 21. Rf1e1 Ra8e8 22. Bf5e6 Kg8h8 23. b4 Re3xc3 24. a3 Ne2f4 25. Re1e4 Nf4xe6 26. dxe6 Qb5d5 27. Ra1e1 Rc3c4 28. b5 Re8xe6 29. Re4xe6 Qd5xe6 30. Re1f1 Qe6e3 31. bxa6 bxa6 32. g4 Rc4c1 33. Rf1xc1 Qe3xc1 0-1

[Event "RHP Coorespondance"]
[Date "2007.08.07"]
[EndDate "2007.08.20"]
[Round "?"]
[White "tomasino"]
[Black "ganilon"]
[WhiteRating "1785"]
[BlackRating "1607"]
[WhiteElo "1785"]
[BlackElo "1607"]
[Result "0-1"]
[GameId "3893515"]

1. e4 e5 2. f4 d6 3. f5 Ng8f6 4. d3 h6 5. Nb1c3 c5 6. h3 Qd8a5 7. Bc1e3 b5 8. d4 c4 9. dxe5 dxe5 10. a3 Bc8d7 11. Ng1f3 Nf6xe4 12. Ke1e2 Ne4g3 13. Ke2e1 Ng3xh1 14. Qd1d5 f6 15. a4 Bf8b4 16. Be3d2 Bb4xc3 17. bxc3 Qa5b6 18. axb5 Qb6f2 19. Ke1d1 Qf2xf1 20. Nf3e1 Qf1xf5 21. Qd5xa8 O-O 22. Qa8xa7 Nh1f2 23. Kd1c1 Nf2e4 24. g4 Qf5e6 25. Ne1f3 f5 26. b6 Nb8c6 27. Qa7b7 fxg4 28. Nf3xe5 Nc6xe5 29. Qb7xe4 gxh3 30. Bd2f4 Qe6xb6 31. Qe4xe5 Qb6g1 32. Kc1b2 Qg1g2 33. Qe5d5 Qg2xd5 34. Bf4c7 Qd5b7 0-1

[Event "RHP Coorespondance"]
[Date "2007.07.05"]
[EndDate "2007.07.24"]
[Round "?"]
[White "Bandecko"]
[Black "tomasino"]
[WhiteRating "1129"]
[BlackRating "1785"]
[WhiteElo "1129"]
[BlackElo "1785"]
[Result "1-0"]
[GameId "3771470"]

1. e4 e5 2. d4 d6 3. Ng1f3 Bc8g4 4. Qd1d3 Nb8c6 5. Qd3b5 a6 6. Qb5xb7 Ng8e7 7. Bc1g5 g6 8. Bg5f6 Nc6a5 9. Qb7b4 c5 10. Qb4a4 Na5c6 11. Bf6xh8 Qd8a5 12. Qa4xa5 Nc6xa5 13. Nf3xe5 dxe5 14. Nb1c3 Na5c4 15. Bf1xc4 Ra8b8 16. Bh8xe5 Rb8b4 17. b3 cxd4 18. Nc3d5 Ne7xd5 19. Bc4xd5 a5 20. f3 Bg4d7 21. O-O-O a4 22. a3 Rb4b5 23. Rd1xd4 axb3 24. cxb3 Bf8xa3 25. Kc1c2 Rb5b6 26. Rh1a1 1-0